000 00536 a2200181 4500
005 20251227120504.0
008 251227b |||||||| |||| 00| 0 eng d
020 _a9788197907494
_cRs. 800.00
040 _aMAIN
082 _a379.54
_bS23I
100 _aSharma, Neha
245 _aInnovative pedagogies in the national education policy NEP 2020
260 _bKanishka Publishers, Distributors
_c2025
_aNew Delhi
300 _axiii, 210
650 _aEducation-Public Policy
650 _aEducational Policy in India
942 _cBK
999 _c393786
_d393786